Logo BPK

Biblioteka

Politechniki Koszalińskiej

Data mining : (Rekord nr 38216)

Szczegóły MARC
000 -ETYKIETA REKORDU
podpole kontrolne o stałej długości 00745nam a2200241 i 4500
001 - NUMER KONTROLNY REKORDU
pole kontrolne bg
020 ## - MIĘDZYNARODOWY ZNORMALIZOWANY NUMER KSIĄŻKI - ISBN
ISBN 1558604898
040 ## - ŹRÓDŁO KATALOGOWANIA
Instytucja, która utworzyła rekord BPK
041 0# - KOD JĘZYKA
Kod języka tekstu en
080 ## - UNIWERSALNA KLASYFIKACJA DZIESIĘTNA - UKD
UKD 004.6
920 ## - Międzynarodowy znormalizowany numer książki – ISBN
ISBN 1-55860-489-8
008 - POLE O STAŁEJ DŁUGOŚCI - DANE KONTROLNE
podpole kontrolne o stałej długości s pl f |000 0 pol
100 1# - NAZWA OSOBOWA
Nazwa osobowa HAN, Jiawei
245 10 - TYTUŁ/ODPOWIEDZIALNOŚĆ
Tytuł Data mining :
Ciąg dalszy tytułu concepts and techniques /
Pozostałe elementy strefy tytułu i oznaczenia odpowiedzialności Jiawei Han, Micheline Kamber.
260 ## - STREFA ADRESU WYDAWNICZEGO
Miejsce wydania San Francisco [etc.] :
Nazwa wydawcy/dystrybutora Academic Press,
Data publikacji, dystrybucji/powstania dokumentu cop.2001.
300 ## - STREFA OPISU FIZYCZNEGO
Objętość XXIV, 550 s. :
Inne cechy fizyczne rys., wykr. ;
Rozmiary 24 cm.
490 1# - STREFA SERII I DOKUMENTU WIELOCZĘŚCIOWEGO - FORMA NIE DO WYSZUKIWANIA
Tytuł i oznaczenie odpowiedzialności serii The Morgan Kaufman Series in Data Management Systems
504 ## - UWAGA DOTYCZĄCA BIBLIOGRAFII
Informacje o bibliografii Bibliogr. s. 501-531. - Indeks.
650 #9 - HASŁO PRZEDMIOTOWE W FORMIE NAZWY OGÓLNEJ LUB JEDNOSTKOWEJ
Nazwa ogólna lub geograficzna Baza danych
700 1# - HASŁO DODATKOWE - NAZWA OSOBOWA
Nazwa osobowa KAMBER, Micheline
830 ## - HASŁO DODATKOWE SERII LUB DOKUMENTU WIELOCZĘŚCIOWEGO - TYTUŁ UJEDNOLICONY
Tytuł ujednolicony The Morgan Kaufman Series in Data Management Systems
856 ## - LOKALIZACJA I DOSTĘP DO ELEKTRONICZNYCH DOKUMENTÓW ZDALNYCH
Link (URL) http://koha.tu.koszalin.pl/cgi-bin/koha/opac-detail.pl?biblionumber=38216
Tekst linku Katalog online BPK
942 ## - DODATKOWE ELEMENTY (KOHA)
Typ dokumentu Książka
Egzemplarze
Wycofany Status egzemplarza Uszkodzony Dostępność Lokalizacja stała Lokalizacja bieżąca Miejsce przechowywania Sygnatura Kod kreskowy Status: wypożyczony Typ dokumentu
      Dostępny Biblioteka Politechniki Koszalińskiej Biblioteka Politechniki Koszalińskiej Wypożyczalnia BG 55070 01500233 08.08.2026 Książka
© 2023 Biblioteka Politechniki Koszalińskiej :: KOHA